Oxygen absorption characteristics of blends of fatty acids from seed oils of rubber, watermelon, soyabean and linseed (Record no. 47058)
[ view plain ]
| 000 -LEADER | |
|---|---|
| fixed length control field | 01512nam a2200301Ia 4500 |
| 100 ## - MAIN ENTRY--AUTHOR NAME | |
| Personal name | Ochigbo S S |
| 245 #0 - TITLE STATEMENT | |
| Title | Oxygen absorption characteristics of blends of fatty acids from seed oils of rubber, watermelon, soyabean and linseed |
| 260 ## - PUBLICATION, DISTRIBUTION, ETC. (IMPRINT) | |
| Name of publisher | Indian Journal of Natural Rubber Research |
| Year of publication | 1994 |
| 300 ## - PHYSICAL DESCRIPTION | |
| Number of Pages | 107-113 |
| 520 ## - SUMMARY, ETC. | |
| Summary, etc | Oxygen-induced polymerisation of blends of fatty acids from rubber seed (RSA), watermelon seed (MSA) soyabean (SBA) and linseed (LSA) was done with a view to optimising the drying performance of the semidrying ones for development of alkyd resin paint binders. The results obtained showed two types of behaviour in oxygen absorption: a linear response by LSA/RSA and SBA/RSA blends in which oxygen absorbed increased directly with the amount of the more drying fatty acid; and a synergistic response by MSA/RSA, MSA/LSA blends in which oxygen absorption showed optimum values between 40-50 wt per cent of MSA. This behaviour by MSA holds good promise for development of alkyd resins. |
| 650 ## - SUBJECT ADDED ENTRY--TOPICAL TERM | |
| Topical Term | Fatty-acid blend |
| 650 ## - SUBJECT ADDED ENTRY--TOPICAL TERM | |
| Topical Term | Fatty-acid blend |
| 650 ## - SUBJECT ADDED ENTRY--TOPICAL TERM | |
| Topical Term | Hevea brasiliensis |
| 650 ## - SUBJECT ADDED ENTRY--TOPICAL TERM | |
| Topical Term | Hevea brasiliensis |
| 650 ## - SUBJECT ADDED ENTRY--TOPICAL TERM | |
| Topical Term | Linseed |
| 650 ## - SUBJECT ADDED ENTRY--TOPICAL TERM | |
| Topical Term | Linseed |
| 650 ## - SUBJECT ADDED ENTRY--TOPICAL TERM | |
| Topical Term | Oxygen absorption |
| 650 ## - SUBJECT ADDED ENTRY--TOPICAL TERM | |
| Topical Term | Oxygen absorption |
| 650 ## - SUBJECT ADDED ENTRY--TOPICAL TERM | |
| Topical Term | Seed oil |
| 650 ## - SUBJECT ADDED ENTRY--TOPICAL TERM | |
| Topical Term | Seed oil |
| 650 ## - SUBJECT ADDED ENTRY--TOPICAL TERM | |
| Topical Term | Soyabean |
| 650 ## - SUBJECT ADDED ENTRY--TOPICAL TERM | |
| Topical Term | Soyabean |
| 650 ## - SUBJECT ADDED ENTRY--TOPICAL TERM | |
| Topical Term | Watermelon |
| 650 ## - SUBJECT ADDED ENTRY--TOPICAL TERM | |
| Topical Term | Watermelon |
| 700 ## - ADDED ENTRY--PERSONAL NAME | |
| Personal name | Ibemesi J A |
| 942 ## - ADDED ENTRY ELEMENTS (KOHA) | |
| Koha item type | Articles |
| Withdrawn status | Lost status | Damaged status | Not for loan | Home library | Current library | Shelving location | Date acquired | Serial Enumeration / chronology | Koha item type |
|---|---|---|---|---|---|---|---|---|---|
| Articles | RRII Library | RRII Library | Rubber technology | 20/12/2021 | Volume 7, Issue 2 | Articles |